Nouveau manuel complet du charpentier, ou, Traité simplifiè de cet art, suivi d'un petit traité de géométrie descriptive, renfermant la solution des problémes dont on fait le plus fréquemment usage; par MM. Biston, Boutereau et hanus. Ouvrage orné 14 planches contenant un grand nombre de figures

Detalles Bibliográficos
Otros Autores: Biston, Valentín, Boutereau, C.
Formato: Libro
Lenguaje:French
Publicado: Paris : a la libraire Encyclopédique de Roret, rue Hautefeuille, N° 10 BIS, 1848.
Edición:Nouvelle édition, revue, corrigée et considérablement augmentée
Serie editorial:Manuels-Roret
Materias:
Colección:Banco de datos
Acervo:Universidad Autónoma Benito Juárez de Oaxaca. Biblioteca Francisco de Burgoa. Colección histórica
Descripción Física:VIII, 332 p., [14] h. pleg. : il. ; 8°
Tema general:Matemáticas
Notas:Portada tipográfica con pleca. Texto a renglón seguido con paginación en números arábigos y romanos, notas a pie de página y signaturas. Incluye ilustraciones. Encuadernación en cartón con lomo en piel
LEADER 01388nam a22002290004500
035 |a 587 
041 0 |a fre 
245 1 0 |a Nouveau manuel complet du charpentier, ou, Traité simplifiè de cet art, suivi d'un petit traité de géométrie descriptive, renfermant la solution des problémes dont on fait le plus fréquemment usage; par MM. Biston, Boutereau et hanus. Ouvrage orné 14 planches contenant un grand nombre de figures 
250 |a Nouvelle édition, revue, corrigée et considérablement augmentée 
260 |a Paris : a la libraire Encyclopédique de Roret, rue Hautefeuille, N° 10 BIS, 1848. 
300 |a VIII, 332 p., [14] h. pleg. : il. ; 8° 
440 0 |a Manuels-Roret 
500 |a Portada tipográfica con pleca. Texto a renglón seguido con paginación en números arábigos y romanos, notas a pie de página y signaturas. Incluye ilustraciones. Encuadernación en cartón con lomo en piel 
504 |a Al final de la obra está el índice de materias 
650 1 0 |a Matemáticas 
700 1 |a Biston, Valentín 
700 1 |a Boutereau, C. 
740 0 |a Traité simplifiè de cet art 
852 |a Universidad Autónoma "Benito Juárez" de Oaxaca, Biblioteca Francisco de Burgoa, Colección histórica 24797 
942 |c BURHIS 
943 |g Universidad Autónoma Benito Juárez de Oaxaca. Biblioteca Francisco de Burgoa. Colección histórica 
999 |c 1119089  |d 1119089